Исследование частотных характеристик четырехполюсников; Молодежь и современные информационные технологии

Dettagli Bibliografici
Parent link:Молодежь и современные информационные технологии.— 2019.— [С. 293-294]
Autore principale: Федотов A. И.
Ente Autore: Национальный исследовательский Томский политехнический университет (ТПУ)
Altri autori: Каширин А. С.
Riassunto:Заглавие с титульного экрана
Lingua:russo
Pubblicazione: 2019
Serie:Автоматизация и управление в технических системах
Soggetti:
Accesso online:http://earchive.tpu.ru/handle/11683/52553
Natura: Elettronico Capitolo di libro
KOHA link:https://koha.lib.tpu.ru/cgi-bin/koha/opac-detail.pl?biblionumber=629132

MARC

LEADER 00000naa2a2200000 4500
001 629132
005 20231101133539.0
035 |a (RuTPU)RU\TPU\conf\29576 
035 |a RU\TPU\conf\29575 
090 |a 629132 
100 |a 20190131d2019 k y0rusy50 ca 
101 0 |a rus 
102 |a RU 
105 |a y z 101zy 
135 |a drcn ---uucaa 
181 0 |a i  
182 0 |a b 
200 1 |a Исследование частотных характеристик четырехполюсников  |f A. И. Федотов, А. С. Каширин 
203 |a Текст  |c электронный 
225 1 |a Автоматизация и управление в технических системах 
230 |a 1 компьютерный файл (pdf; 465 Кb) 
300 |a Заглавие с титульного экрана 
320 |a [Библиогр.: с. 294 (5 назв.)] 
463 0 |0 (RuTPU)RU\TPU\conf\29427  |t Молодежь и современные информационные технологии  |o сборник трудов XVI Международной научно-практической конференции студентов, аспирантов и молодых учёных, 3-7 декабря 2018 г., г. Томск  |f Национальный исследовательский Томский политехнический университет, Инженерная школа информационных технологий и робототехники ; под ред. Д. М. Сонькина [и др.]  |v [С. 293-294]  |d 2019 
610 1 |a электронный ресурс 
610 1 |a труды учёных ТПУ 
610 1 |a частотные характеристики 
610 1 |a четырехполюсники 
610 1 |a теория автоматического управления 
610 1 |a объекты управления 
610 1 |a стенды 
610 1 |a ПИД-регуляторы 
610 1 |a настройки 
700 1 |a Федотов  |b A. И. 
701 1 |a Каширин  |b А. С. 
712 0 2 |a Национальный исследовательский Томский политехнический университет (ТПУ)  |c (2009- )  |2 stltpush  |3 (RuTPU)RU\TPU\col\15902 
801 2 |a RU  |b 63413507  |c 20201230  |g RCR 
856 4 |u http://earchive.tpu.ru/handle/11683/52553 
942 |c BK